000
00219nam a22000857a 4500
008
160921b xxu||||| |||| 00| 0 eng d
100
_9
702
_a
Pal.Y.etal
245
_a
See Biology-9
260
_a
New Delhi
_b
APC. Publications
_c
2011
999
_c
3359
_d
3359